| 000 | 01237nam a22003617a 4500 | ||
|---|---|---|---|
| 003 | CHAP | ||
| 005 | 20220329143555.0 | ||
| 008 | 100615s2009 mx a r 00010 spa d | ||
| 010 | _a98716 | ||
| 011 | _a99688 | ||
| 020 | _a9786071200709 | ||
| 035 | _a110374 | ||
| 040 | _cCHAP | ||
| 090 | _aFolleto 17718 | ||
| 245 | 0 | 3 |
_aLa red de tomate de cáscara del SINAREFI-SNICS _c/por José Francisco Santiaguillo Hernández ...[et al.] |
| 260 |
_aChapingo, Méx. : _bRed de Tomate de Cáscara, _c2009 |
||
| 300 |
_a15 p. : _bilus. |
||
| 490 |
_aFolleto técnico _v; 1 |
||
| 590 |
_aBATCH-UPD _b10 _c20130110 _lUCH01 _h1118 |
||
| 590 |
_aBATCH-UPD _b10 _c20130410 _lUCH01 _h0709 |
||
| 590 |
_aBATCH-UPD _b10 _c20130914 _lUCH01 _h1424 |
||
| 590 |
_aCONVERSION _b10 _c20130109 _lUCH01 _h1355 |
||
| 650 | 1 | 4 |
_aTomate verde. _9113796 |
| 650 | 1 | 4 |
_aTomate verde _xVariedades. _9113840 |
| 650 | 1 | 4 |
_aTomate verde _zMéxico. _9113845 |
| 700 | 0 |
_aSantiaguillo Hernández, José Francisco. _9102406 |
|
| 830 | 0 |
_aFolleto técnico _v; 1 _942067 |
|
| 901 | _aBK | ||
| 911 | _aen proceso | ||
| 942 | _cFOLL | ||
| 949 |
_aFolleto 17718 _bBC _cFOLL _d33724002173868 _eTS2 _fc.2 _i110374 _sb |
||
| 949 |
_aFolleto 17718 _bBC _cUACH _d33724002173900 _eUACH _i110374 _sb |
||
| 999 |
_c98716 _d98716 |
||